000 00601nam a2200241Ia 4500
003 OSt
005 20221007100638.0
006 a|||||r|||| 00| 0
007 ta
008 221006b |||||||| |||| 00| 0 eng d
024 _a4,819
037 _cTextual
040 _aLCO
_cLCO
_beng
041 _2eng
_aeng
082 _aZ1, K5; M1
100 _aVON GLAHN G
_9701916
245 0 _aLaw among nations
260 _aNew
_bYork MacMillan Pub.
_c1981
300 _a810
650 _aINTERNATIONAL LAW
942 _hZ1, K5; M1
_cTEXL
999 _c1174382
_d1174382